Expert systems <A> Decision Support Approach. With Applications in Management and Finance
Guardado en:
| Autor principal: | |
|---|---|
| Otros Autores: | |
| Formato: | Libro |
| Lenguaje: | inglés |
| Publicado: |
Wokingham
Addison-Wesley Pub. Co.
1990
|
| Edición: | 1. ed. |
| Etiquetas: |
Sin Etiquetas, Sea el primero en etiquetar este registro!
|
MARC
| LEADER | 00000nam a2200000 4500 | ||
|---|---|---|---|
| 001 | c026313 | ||
| 005 | 20221215113739.9 | ||
| 041 | 0 | |a eng | |
| 044 | |a US | ||
| 245 | 1 | 0 | |a Expert systems |b <A> Decision Support Approach. With Applications in Management and Finance |c Michel Klein, Leif B. Methlie |
| 250 | |a 1. ed. | ||
| 264 | 1 | |a Wokingham |b Addison-Wesley Pub. Co. |c 1990 | |
| 300 | |a 539 s. | ||
| 100 | 1 | |a Klein, Michel | |
| 700 | 1 | |a Methlie, Leif B. | |